| 000 | 00851nam a22001817a 4500 | ||
|---|---|---|---|
| 005 | 20250609110225.0 | ||
| 010 | _aHIN-129777 | ||
| 020 |
_a9789358191103 _c242.00 |
||
| 035 | _aHN-102123 | ||
| 037 | _bDBAD/PUB | ||
| 082 |
_a158.1 _21 |
||
| 100 |
_aमन्नज्या, मनीष _981768 |
||
| 245 |
_aजीवन जीना कैसे सीखे: _bजीवन एक अभियान है इसे करीब से महसूस करें/ _cमनीष मन्नज्या |
||
| 260 |
_aनई दिल्ली _bब्लू रोज वन _c2023 |
||
| 270 |
_aनई दिल्ली _bनई दिल्ली _k91 8882898898 _minfo@bluerosepublishers.com |
||
| 300 |
_a148पृ. _c20से.मी.(अजिल्द) |
||
| 942 |
_2ddc _cHN _h158.1 _mमन्नज्या _e1 |
||
| 999 |
_c211646 _d211646 |
||